| 000 | 00904cam a22002775a 4500 | ||
|---|---|---|---|
| 001 | 18133 | ||
| 003 | BD-RjUL | ||
| 005 | 20211209000236.0 | ||
| 008 | 140219s2010 bg a b 001 0 eng d | ||
| 020 | _a9840802569 | ||
| 035 | _a(BD-RjUL) 18191 | ||
| 040 |
_aDLC _cDLC _dDLC _dBD-RjUL _beng |
||
| 041 | _aeng | ||
| 082 |
_a700.9295492 _bISC 2010 |
||
| 100 | 1 |
_aIslam, Nazrul, _d1941- _955867 |
|
| 245 | 1 | 0 |
_aContemporary art & artists : _bBangladesh and beyond / _cNazrul Islam. |
| 246 | 3 | _aContemporary art and artists | |
| 260 |
_aDhaka : _bAcademic Press and Publishers Library, _cc2010. |
||
| 300 |
_aviii, 152 p. : _bill. (some col.) ; _c22 cm. |
||
| 504 | _aIncludes bibliographical references and index. | ||
| 650 | 0 |
_aArt, Bangladeshi _y20th century. _955868 |
|
| 650 | 0 |
_aArt, Bangladeshi _y21st century. _955869 |
|
| 942 |
_2ddc _cBK |
||
| 999 |
_c18133 _d18133 |
||